LEADER 01338nam0 2200337 450 001 000021869 005 20090304133806.0 100 $a20080701d1941----km-y0itaa50------ba 101 0 $aita 102 $aIT 200 1 $aCronaca bizantina$e1881-1885$enote e ricordi$fAngelo Sommaruga 210 $a[Milano]$c<> Mondadori$d1941 215 $a226 p., [13] c. di tav. [alcune ripieg.]$cill.$d20 cm. 300 $aIn cop. e in testa al front. firma autografa: Sergio de Pilato, sett. '941, XIX 300 $aL. 15 330 $aCon 20 illustrazioni fuori testo 600 1$aSommaruga (Casa editrice) 606 1 $aCronaca bizantina (Periodico)$xStoria$z1881-1885 606 2 $aPeriodici italiani$zSec. 19. 676 $a070.50945632$v(21. ed.)$9Editoria. Roma 676 $a858.91203$v(21. ed.)$9Miscellanea italiana. 1900-1945. Diari, memorie, taccuini, ricordi 700 1$aSommaruga,$bAngelo$0443768 801 0$aIT$bUniversità della Basilicata - B.I.A.$gRICA$2unimarc 912 $a000021869 996 $aCronaca bizantina$988564 997 $aUNIBAS BAS $aLETTERE CAT $aSTD063$b01$c20080701$lBAS01$h1229 CAT $aTTM$b30$c20090304$lBAS01$h1338 FMT Z30 -1$lBAS01$LBAS01$mBOOK$1BASA1$APolo Storico-Umanistico$2FDEP2$BFondo De Pilato Biscione$3FD/107748$6107748$5L107748$820090304$f52$FRari LEADER 01611nam 2200409 n 450 001 996393062303316 005 20200824121818.0 035 $a(CKB)4940000000114399 035 $a(EEBO)2240923156 035 $a(UnM)ocm99894086e 035 $a(UnM)99894086 035 $a(EXLCZ)994940000000114399 100 $a20790322d1711 uy 101 0 $aeng 135 $aurbn||||a|bb| 200 04$aThe case of John Henry Scheidman, Henry Miller, Michael Remy, and William Miller, in behalf of themselves and several commission and non-commission'd officers$b[electronic resource] $ewith hundreds of private troopers, dragoons, and soldiers, of the thirteen Dutch regiments that serv'd in the late war upon the English establishment 210 $a[London $cs.n.$d1710?] 215 $a3, [1] p 300 $aCaption title. 300 $aImprint from the British Library. 300 $aWith a docket title. 300 $aReproduction of original in the British Library. 330 $aeebo-0018 607 $aNetherlands$xForeign relations$zGreat Britain$vEarly works to 1800 701 $aScheidman$b John Henry$01009813 701 $aMiller$b Henry$0193042 701 $aRemy$b Michael$01009814 701 $aMiller$b William$050224 801 0$bUk-ES 801 1$bUk-ES 801 2$bCu-RivES 801 2$bCStRLIN 801 2$bCuRivES 906 $aBOOK 912 $a996393062303316 996 $aThe case of John Henry Scheidman, Henry Miller, Michael Remy, and William Miller, in behalf of themselves and several commission and non-commission'd officers$92333165 997 $aUNISA